| 000 | 00678nam a2200121Ia 4500 | ||
|---|---|---|---|
| 008 | 220620s9999||||xx |||||||||||||| ||und|| | ||
| 100 | _aOlakunle Alonge (Ed.)||Adnan A. Hyder (Ed.) | ||
| 245 | 2 | _aA Million Person Household Survey: Understanding the Burden of Injuries in Bangladesh | |
| 546 | _aEnglish[eng] | ||
| 650 | _achildren under 5||first-aid||injuries||care-seeking||playpens||intentional||suicide||rural||crèches||road traffic incidents||caregiver supervision||drowning||population-based||epidemiology||Bangladesh||falls||unintentional||low- and middle-income countries||burns||day-care setting | ||
| 856 | _uhttp://www.mdpi.com/books/pdfview/book/676 | ||
| 942 | _cEB | ||
| 999 |
_c23189 _d23189 |
||